الإخوان .. وأنا : (Record no. 16631)
[ view plain ]
| 000 -الفاتح | |
|---|---|
| حقل البيانات ثابتة الطول | 00681nam a22001697a 4500 |
| 008 - عناصر البيانات ثابتة الطول - معلومات عامة | |
| حقل البيانات ثابتة الطول | 120404s1996 ua|||||r|||| 000 0 ara d |
| 020 ## - الرقم الدولى المعيارى للكتب | |
| الرقم الدولى المعيارى للكتاب | 9770805408 |
| 082 ## - رقم تصنيف ديوى العشرى | |
| رقم التصنيف | 217.6 |
| رقم المادة | ع ل ا |
| 100 ## - المدخل الرئيسى - إسم شخصى | |
| 9 (RLIN) | 29578 |
| الإسم الشخصى | علام ، فؤاد |
| 245 ## - بيان العنوان | |
| العنوان | الإخوان .. وأنا : |
| بقية العنوان | من المنشية إلى المنصة / |
| بيان المسئوليه,etc | فؤاد علام |
| 260 ## - PUBLICATION, DISTRIBUTION, ETC. (IMPRINT) | |
| مكان الناشر او الموزع | القاهرة : |
| اسم الناشر او الموزع | أخبار اليوم ، |
| تاريخ النشر أو التوزيع | [1996?] |
| 300 ## - الوصف المادى | |
| التعداد | 557 ص ؛ |
| أبعاد الوعاء | 22 سم |
| 650 ## - المدخل الاضافى بالموضوع-مصطلح موضوعى | |
| 9 (RLIN) | 15845 |
| مصطلح موضوعي أو اسم جغرافي كعنصر مدخل | الإخوان المسلمون |
| 653 ## - مصطلح تكشيفى غير مقيد | |
| Resource For college | |
| Arrived date list | April2012 |
| 942 ## - عناصر المدخل الإضافي( كوها) | |
| مصدر التصنيف او مخطط الترفيف | Dewey Decimal Classification |
| Koha [default] item type | Book - Borrowing |
| حالة التراجع | حالة الفقد | مصدر التصنيف او خطة الترفيف | حالة تلف | ليس للاعارة | مجموعات كوها | المكان الدائم | المكان الحالي | موقع الترفيف | تاريخ الاكتساب | Source of acquisition | رقم الاستدعاء | الباركود | Date last seen | مُعار | نوع الوعاء |
|---|---|---|---|---|---|---|---|---|---|---|---|---|---|---|---|
| Dewey Decimal Classification | Alef-Baa | Central Library | Central Library | Lower Floor | 04/04/2012 | 217.6 ع ل ا | 000026583 | 15/07/2025 | 12/12/2013 | Book - Borrowing |